1262 1199 1335 1355 1025 1077 1148 1961 1777 1732 1319 1832 1071 1226 1654 1225 1837 1189 1743 1996 1858 1790 1588 1633 1566 1954 1413 1989 1892 1319 1604 1462 1969 1612 1196 1479 1681 1060 1018 1634 1057 1469 1373 1956 1672 1810 1820 1716 1923 1500 1936 1172 1247 1885 1926 1851 1105 1453 1778 1743 1684 1725 1824 1292 1769 1865 1770 1320 1269 1283 1723 1177 1454 1307 1039 1681 1602 1226 1847 1171 1310 1319 1073 1097 1844 1538 1515 1396 1346 1200 1753 1108 1287 1780 1854 1749 1988 1243 1708 BCNSPRNW ULIB Ver.6.0+V

เปลี่ยนเป็นภาษาไทย

Change to English
 แสดงรายละเอียดบรรณานุกรม
  กลับหน้าหลัก

Brief Record : Get Marc (ISO 2709) : E-mail record : QR code < ปิดหน้าต่าง
LEADER : 00000nam 2200000uu 4500
001    13399108567
003     ULIB
008    110309s2553||||th 000 0 tha d
020    9789746725071
060 04 WY157^bส739ก 2553
100 0  สุกัญญา ปริสัญญกุล
245 10 การพยาบาลสตรีในระยะคลอด /^cสุกัญญา ปริสัญญกุล, นันทพรแสนศิริพันธ์
250    พิมพ์ครั้งที่ 2
260    เชียงใหม่ :^bโครงการตำรา คณะพยาบาลศาสตร์มหาวิทยาลัยเชียงใหม่,^c2553
300    ก-ฎ, 224 หน้า :^bภาพประกอบ ;^c27 ซม.
504    มีบรรณานุกรมและดรรชนี
650  7 การคลอด
650  7 การพยาบาลสูติศาสตร์
650  7 ความเจ็บปวด
700 0  นันทพร แสนศิริพันธ์
710 2  มหาวิทยาลัยเชียงใหม่. ^bคณะพยาบาลศาสตร์
945    ^p290^l0^i18446
945    ^p290^l0^i18447
945    ^p290^l0^i18075
945    ^p290^l0^i18076
945    ^p290^l0^i18077
995    เกษร
999    ^aใช้งานได้ทุกระบบ
รายการนี้ยังไม่มีแท็ก
คุณยังไม่ได้ล็อกอิน คุณสามารถมีกิจกรรมร่วมกับเว็บไซต์ได้ แต่ต้องล็อกอินก่อน ::
  ล็อกอิน

รายการสื่อสารสนเทศ

ลำดับที่ ประเภท เลขเรียก/บาร์โค้ด สถานที่ สถานะ
1. วิทยาศาสตร์การแพทย์ และสุขภาพ
วิทยาศาสตร์การแพทย์ และสุขภาพ
WY157 ส739ก 2553  
  Barcode: 18446
ห้องสมุดวิทยาเขตนครสวรรค์
►ส่วนจัดเก็บหนังสือเก่า นว.
บนชั้น
  ขอยืม
2. วิทยาศาสตร์การแพทย์ และสุขภาพ
วิทยาศาสตร์การแพทย์ และสุขภาพ
WY157 ส739ก 2553 ฉ.2 
  Barcode: 18447
ห้องสมุดวิทยาเขตนครสวรรค์
►ส่วนจัดเก็บหนังสือเก่า นว.
บนชั้น
  ขอยืม
3. วิทยาศาสตร์การแพทย์ และสุขภาพ
วิทยาศาสตร์การแพทย์ และสุขภาพ
WY157 ส739ก 2553 ฉ.3 
  Barcode: 18075
ห้องสมุดวิทยาเขตสวรรค์ประชารักษ์
►หนังสือทั่วไป
บนชั้น
4. วิทยาศาสตร์การแพทย์ และสุขภาพ
วิทยาศาสตร์การแพทย์ และสุขภาพ
WY157 ส739ก 2553 ฉ.4 
  Barcode: 18076
ห้องสมุดวิทยาเขตนครสวรรค์
►ส่วนจัดเก็บหนังสือเก่า นว.
บนชั้น
  ขอยืม
5. วิทยาศาสตร์การแพทย์ และสุขภาพ
วิทยาศาสตร์การแพทย์ และสุขภาพ
WY157 ส739ก 2553 ฉ.5 
  Barcode: 18077
ห้องสมุดวิทยาเขตนครสวรรค์
►ส่วนจัดเก็บหนังสือเก่า นว.
บนชั้น
  ขอยืม

รายการใกล้เคียง
    ผู้แต่ง [สุกัญญา ปริสัญญกุล]

    หัวเรื่อง [การคลอด]
    หัวเรื่อง [การพยาบาลสูติศาสตร์]
    หัวเรื่อง [ความเจ็บปวด]

BibComment


ยังไม่เคยถูกคอมเมนท์

คอมเมนท์ทรัพยากรรายการนี้
  คอมเมนท์: การพยาบาลสตรีในระ..


 Copyright 2026. Bcnsprnw @Library